<?xml version="1.0" encoding="UTF-8"?>
<record
    xmlns:xsi="http://www.w3.org/2001/XMLSchema-instance"
    xsi:schemaLocation="http://www.loc.gov/MARC21/slim http://www.loc.gov/standards/marcxml/schema/MARC21slim.xsd"
    xmlns="http://www.loc.gov/MARC21/slim">

  <leader>03237aam a2200373 i 4500</leader>
  <controlfield tag="001">1556386</controlfield>
  <controlfield tag="003">CO-MdUADB</controlfield>
  <controlfield tag="005">20260508094332.0</controlfield>
  <controlfield tag="007">ta</controlfield>
  <controlfield tag="008">210417s1990    sp     fr          dspa d</controlfield>
  <datafield tag="020" ind1=" " ind2=" ">
    <subfield code="a">8474444438</subfield>
    <subfield code="q">ISBN-10</subfield>
  </datafield>
  <datafield tag="020" ind1=" " ind2=" ">
    <subfield code="a">9788474444438</subfield>
    <subfield code="q">ISBN-13</subfield>
  </datafield>
  <datafield tag="035" ind1=" " ind2=" ">
    <subfield code="a">1556386</subfield>
  </datafield>
  <datafield tag="040" ind1=" " ind2=" ">
    <subfield code="a">CO-MdUADB</subfield>
    <subfield code="e">rda</subfield>
    <subfield code="c">CO-MdUADB</subfield>
    <subfield code="b">spa</subfield>
  </datafield>
  <datafield tag="041" ind1="0" ind2=" ">
    <subfield code="a">spa</subfield>
  </datafield>
  <datafield tag="082" ind1="0" ind2="4">
    <subfield code="a">341</subfield>
  </datafield>
  <datafield tag="100" ind1="1" ind2=" ">
    <subfield code="a">Prieto Sanch&#xED;s, Luis</subfield>
    <subfield code="e">aut</subfield>
    <subfield code="9">273737</subfield>
  </datafield>
  <datafield tag="245" ind1="1" ind2="0">
    <subfield code="a">Estudios sobre derechos fundamentales /</subfield>
    <subfield code="c">Luis Prieto Sanch&#xED;s</subfield>
  </datafield>
  <datafield tag="250" ind1=" " ind2=" ">
    <subfield code="a">1.&#xAA; edici&#xF3;n</subfield>
  </datafield>
  <datafield tag="264" ind1=" " ind2="1">
    <subfield code="a">Madrid :</subfield>
    <subfield code="b">Editorial Debate,</subfield>
    <subfield code="c">1990</subfield>
  </datafield>
  <datafield tag="300" ind1=" " ind2=" ">
    <subfield code="a">267 p&#xE1;ginas</subfield>
  </datafield>
  <datafield tag="336" ind1=" " ind2=" ">
    <subfield code="2">rdacontent</subfield>
    <subfield code="a">texto</subfield>
    <subfield code="b">txt</subfield>
  </datafield>
  <datafield tag="337" ind1=" " ind2=" ">
    <subfield code="a">no mediado</subfield>
  </datafield>
  <datafield tag="338" ind1=" " ind2=" ">
    <subfield code="a">volumen</subfield>
  </datafield>
  <datafield tag="490" ind1="1" ind2=" ">
    <subfield code="a">Serie de Derecho</subfield>
  </datafield>
  <datafield tag="505" ind1="2" ind2="0">
    <subfield code="t">Pr&#xF3;logo --</subfield>
    <subfield code="t">I. Algunos problemas de la fundamentaci&#xF3;n de los derechos humanos --</subfield>
    <subfield code="t">II. Sobre el concepto jur&#xED;dico de derechos fundamentales --</subfield>
    <subfield code="t">III. Los derechos fundamentales en el sistema espa&#xF1;ol --</subfield>
    <subfield code="t">IV. Consecuencias de la constitucionalizaci&#xF3;n de los derechos --</subfield>
    <subfield code="t">V. Ensayos de clasificaci&#xF3;n --</subfield>
    <subfield code="t">VI. Los derechos fundamentales y el poder legislativo --</subfield>
    <subfield code="t">VII. La limitaci&#xF3;n de los derechos fundamentales y la norma de clausura del sistema de libertades --</subfield>
    <subfield code="t">VIII. El principio de legalidad y los derechos fundamentales --</subfield>
    <subfield code="t">IX. Los principios rectores de la pol&#xED;tica social y econ&#xF3;mica --</subfield>
    <subfield code="t">X. La eficacia de los derechos fundamentales frente a los particulares --</subfield>
    <subfield code="t">XI. Principios generales del sistema de protecci&#xF3;n jurisdiccional de los derechos fundamentales --</subfield>
    <subfield code="t">XII. La suspensi&#xF3;n de los derechos fundamentales.</subfield>
  </datafield>
  <datafield tag="520" ind1="3" ind2=" ">
    <subfield code="a">Bien puede decirse que los derechos humanos o fundamentales constituyen hoy el horizonte de justicia de toda la humanidad, aun cuando s&#xF3;lo una peque&#xF1;a parte de la misma goce de su efectivo ejercicio en condiciones m&#xED;nimamente satisfactorias. Pero, tal vez porque descansan en esa nueva especie de consenso universal, los derechos tienden a convertirse en un concepto ambiguo e impreciso y a veces incluso en comod&#xED;n de una ret&#xF3;rica pol&#xED;tica no comprometida con los valores de libertad e igualdad; es m&#xE1;s, tampoco aquellos sistemas jur&#xED;dicos que, como el espa&#xF1;ol, consagran y garantizan una tabla de derechos pueden presumir de una defensa acabada y sin retrocesos de todas las exigencias de justicia que se articulan en la filosof&#xED;a de los derechos. Y justamente esta doble consideraci&#xF3;n resume el conjunto de problemas abordados en este libro: de un lado, contribuir al conocimiento de las distintas posiciones acerca del fundamento de los derechos, as&#xED; como de sus implicaciones, sin renunciar por ello a un ensayo de construcci&#xF3;n propia; y, de otro, intentar esclarecer en el marco del sistema espa&#xF1;ol su concreto alcance y significado, no s&#xF3;lo en los textos legales, sino tambi&#xE9;n en la pr&#xE1;ctica no siempre rectil&#xED;nea de los operadores jur&#xED;dicos. (Tomado de la cubierta del libro).</subfield>
  </datafield>
  <datafield tag="650" ind1="1" ind2="7">
    <subfield code="a">Derechos humanos</subfield>
    <subfield code="9">30097</subfield>
    <subfield code="2">lemb</subfield>
  </datafield>
  <datafield tag="650" ind1="1" ind2="7">
    <subfield code="a">Derechos civiles</subfield>
    <subfield code="9">132660</subfield>
    <subfield code="2">lemb</subfield>
    <subfield code="z">Espa&#xF1;a</subfield>
  </datafield>
  <datafield tag="650" ind1="1" ind2="7">
    <subfield code="a">Garant&#xED;as constitucionales</subfield>
    <subfield code="2">lemb</subfield>
    <subfield code="9">174975</subfield>
  </datafield>
  <datafield tag="651" ind1=" " ind2="7">
    <subfield code="2">lemb</subfield>
    <subfield code="9">861625</subfield>
    <subfield code="a">Espa&#xF1;a</subfield>
    <subfield code="x">Derecho constitucional</subfield>
  </datafield>
  <datafield tag="830" ind1=" " ind2="0">
    <subfield code="9">868190</subfield>
    <subfield code="a">Derecho (Editorial Debate)</subfield>
  </datafield>
  <datafield tag="942" ind1=" " ind2=" ">
    <subfield code="c">BOOK</subfield>
    <subfield code="2">ddc</subfield>
  </datafield>
  <datafield tag="999" ind1=" " ind2=" ">
    <subfield code="c">828351</subfield>
    <subfield code="d">828351</subfield>
  </datafield>
  <datafield tag="952" ind1=" " ind2=" ">
    <subfield code="0">0</subfield>
    <subfield code="1">0</subfield>
    <subfield code="2">ddc</subfield>
    <subfield code="4">0</subfield>
    <subfield code="7">0</subfield>
    <subfield code="8">GEN</subfield>
    <subfield code="a">BC</subfield>
    <subfield code="b">BC</subfield>
    <subfield code="d">1998-02-11</subfield>
    <subfield code="i">C222040</subfield>
    <subfield code="l">1</subfield>
    <subfield code="m">1</subfield>
    <subfield code="o">341.481 P949</subfield>
    <subfield code="p">61000001189360</subfield>
    <subfield code="r">2024-10-25 00:00:00</subfield>
    <subfield code="s">2023-12-12</subfield>
    <subfield code="w">2023-04-23</subfield>
    <subfield code="y">BOOK</subfield>
  </datafield>
  <datafield tag="952" ind1=" " ind2=" ">
    <subfield code="0">0</subfield>
    <subfield code="1">0</subfield>
    <subfield code="2">ddc</subfield>
    <subfield code="4">0</subfield>
    <subfield code="5">1</subfield>
    <subfield code="7">0</subfield>
    <subfield code="8">FCGD</subfield>
    <subfield code="a">BC</subfield>
    <subfield code="b">BC</subfield>
    <subfield code="d">2021-04-17</subfield>
    <subfield code="e">Familia Carlos Gaviria D&#xED;az</subfield>
    <subfield code="f">DONA</subfield>
    <subfield code="i">C13312024</subfield>
    <subfield code="l">0</subfield>
    <subfield code="o">CGD 341.48 P949</subfield>
    <subfield code="p">01082624</subfield>
    <subfield code="r">2023-05-05 00:00:00</subfield>
    <subfield code="w">2023-05-05</subfield>
    <subfield code="y">BOOKI</subfield>
    <subfield code="z">Etiqueta de libreros</subfield>
  </datafield>
  <datafield tag="952" ind1=" " ind2=" ">
    <subfield code="0">0</subfield>
    <subfield code="1">0</subfield>
    <subfield code="2">ddc</subfield>
    <subfield code="4">0</subfield>
    <subfield code="7">0</subfield>
    <subfield code="8">GENERAL</subfield>
    <subfield code="a">BAPAR</subfield>
    <subfield code="b">BAPAR</subfield>
    <subfield code="d">2024-09-04</subfield>
    <subfield code="e">Material Adquirido por Donaci&#xF3;n</subfield>
    <subfield code="f">DONA</subfield>
    <subfield code="l">0</subfield>
    <subfield code="o">341.481 P949</subfield>
    <subfield code="p">01098512</subfield>
    <subfield code="r">2024-12-18 00:00:00</subfield>
    <subfield code="w">2024-09-04</subfield>
    <subfield code="y">BOOK</subfield>
    <subfield code="z">1.&#xAA; reimpresi&#xF3;n, 1994.</subfield>
  </datafield>
</record>
